2014 World Cup Groups - Statistics

General Stats
  • This quiz has been taken 19 times
  • The average score is 28 of 32
Answer Stats
Hint Answer % Correct
Group A Croatia
100%
Group D England
100%
Group E France
100%
Group G Germany
100%
Group C Japan
100%
Group G United States
100%
Group F Argentina
94%
Group A Brazil
94%
Group B Chile
94%
Group D Italy
94%
Group B Netherlands
94%
Group G Portugal
94%
Group H Russia
94%
Group B Spain
94%
Group H Algeria
89%
Group B Australia
89%
Group H Belgium
89%
Group A Cameroon
89%
Group A Mexico
89%
Group E Switzerland
89%
Group D Uruguay
89%
Group C Columbia
83%
Group D Costa Rica
83%
Group F Iran
83%
Group F Bosnia and Herzegovina
78%
Group E Ecuador
78%
Group F Nigeria
78%
Group H South Korea
78%
Group G Ghana
72%
Group C Greece
72%
Group C Ivory Coast
67%
Group E Honduras
61%
No matching quizzes found
Score Distribution
Percent of People with Each Score
Percentile by Number Answered
Your Score History
You have not taken this quiz